| 000 | 00657nam a22001697a 4500 | ||
|---|---|---|---|
| 008 | 240514b |||||||| |||| 00| 0 eng d | ||
| 020 | _a9781537741710, | ||
| 020 | _a1537741713 | ||
| 050 |
_aTX 911.3 _b.S25 2016 |
||
| 100 | _aSalus,Culina | ||
| 245 |
_a Essential food safety management : _bthe complete food safety management system/ _cCulina Salus |
||
| 260 |
_a Great Britain : _bPerserverance works, _c2016 |
||
| 300 |
_a306 pages : _bcolor illustrations ; _c28 cm |
||
| 650 |
_aFood Safety measures _xFood contamination Prevention |
||
| 650 |
_aFood handling _x Food service Sanitation |
||
| 942 |
_2lcc _cBOOKS _hTX 911.3 .S25 2016 |
||
| 999 |
_c31970 _d31970 |
||